26 anotaciones de Margaritas Azurdia (Record no. 48)

MARC details
000 -LEADER
campo de control de longitud fija 00393 a2200133 4500
082 ## - NÚMERO DE LA CLASIFICACIÓN DECIMAL DEWEY
Número de clasificación 861.728.1
Número de ítem AZ997v
100 ## - ENTRADA PRINCIPAL--NOMBRE DE PERSONA
Nombre de persona Azurdia, Margarita
9 (RLIN) 273
245 ## - MENCIÓN DEL TÍTULO
Título 26 anotaciones de Margaritas Azurdia
260 ## - PUBLICACIÓN, DISTRIBUCIÓN, ETC.
Lugar de publicación, distribución, etc. Paris
Nombre del editor, distribuidor, etc. Margarita Azurdia
Fecha de publicación, distribución, etc. 1981
300 ## - DESCRIPCIÓN FÍSICA
Extensión 26 p
Otras características físicas ill (a color)
Dimensiones 19 cm
650 ## - PUNTO DE ACCESO ADICIONAL DE MATERIA--TÉRMINO DE MATERIA
Término de materia o nombre geográfico como elemento de entrada Poesia
Subdivisión general Poesia-Guatemala
-- Margarita Azurdia
9 (RLIN) 274
690 ## - PUNTO DE ACCESO ADICIONAL DE MATERIA LOCAL--TÉRMINO DE MATERIA (OCLC, RLIN)
Término de materia o nombre geográfico como elemento inicial Poesia
700 ## - ENTRADA AGREGADA--NOMBRE PERSONAL
Nombre de persona Margarita Azurdia
9 (RLIN) 275
Holdings
Estatus retirado Estado de pérdida Fuente del sistema de clasificación o colocación Estado de daño No para préstamo Biblioteca de origen Biblioteca actual Ubicación en estantería Fecha de adquisición Total de préstamos Signatura topográfica completa Código de barras Visto por última vez Precio de reemplazo Tipo de ítem Koha
    Clasificación Decimal Dewey     Biblioteca LadoV Biblioteca LadoV   07/04/2014   861.728.1 AZ997v 000021 07/04/2014 07/04/2014 Material 01